000 00474nam a2200169Ia 4500
008 131103s9999 xx 000 0 und d
040 _aLoreto College
041 _aEnglish
082 _a891.43/VAR
_bLCLIB/12327
245 _aHindi sahitya kosh
_cEdited by Dhirendra Varma
260 _aVaranasi
_bGyan Mandal
_c[19 - ?]
300 _a203 p.
_c 25 cm.
650 _aHindi literature - Encyclopaedias
700 _aVarma,Dhirendra,ed.
850 _aLCLIB
942 _cBK
999 _c18432
_d68911